000 00700nam a22002297a 4500
005 20251108165216.0
008 250721s1993 xx 000 0 ara d
082 1 4 _a610.932/جيا
100 1 _aجيار، يوليوس
245 1 0 _aالطب و التحنيط في عهد الفراعنة /
264 1 _aالقاهرة :
_bمكتبة مدبولي،
_c1993.
300 _a207ص
490 0 _aصفحات من تاريخ مصر الفرعونية
650 1 7 _aالطب
650 1 7 _aالفراعنه
650 1 7 _aالطب الشعبي
650 1 7 _aالتحنيط
700 1 _aريتر، لويس
700 1 _aزكرى، انطون
_eترجمة
942 _2ddc
_cBK
999 _c22183
_d22183